|
|
|
|
| LEADER |
00000nkm a2200000 a 4500 |
| 001 |
vtls001395999 |
| 003 |
SK-MaSNL |
| 005 |
20260331204119.0 |
| 008 |
231206s1970 xo 0k slo |
| 015 |
|
|
|a SNBG1970
|
| 035 |
|
|
|a SNK000350372
|
| 040 |
|
|
|a SNK
|b slo
|c SNK
|e AACR2
|
| 041 |
0 |
|
|a slo
|
| 044 |
|
|
|a xo
|c SK
|
| 080 |
|
|
|a 779
|2 1981
|
| 100 |
1 |
|
|a Červeň, Ľ.
|c (fotograf)
|4 fot
|9 440246
|
| 245 |
1 |
0 |
|a Žiarska dolina
|h grafika
|b rekreačné stredisko cukrovaru Št. Majora v Sládkovičove, Třineckých železiarní v Třinci, Závodov 1.mája v Liptovskom Mikuláši
|c foto: Ľ. Červeň
|
| 260 |
|
|
|a Bratislava
|b Press-foto
|c 1972
|
| 300 |
|
|
|a 1 pohľadnica (4 čiastkové pohľady)
|b farebná
|c 10x15 cm
|
| 651 |
|
7 |
|a Žiarska dolina (Slovensko)
|2 SNKPHgeo
|9 160999
|
| 655 |
|
7 |
|a geografické pohľadnice
|2 SNKPH
|9 70522
|
| 958 |
|
|
|a GC
|
| 958 |
|
|
|a GBN
|
| 958 |
|
|
|a OND
|
| 999 |
|
|
|c 810603
|d 812533
|
| 952 |
|
|
|t P60, <03>, [BOOK], {603}
|a SNK
|b SNK
|y PREZ
|7 0
|o snkSP 149570
|i snkPV 918/2000
|0 0
|1 0
|4 0
|d 2000-09-12
|l 0
|r 2005-01-02 00:00:00
|w 2026-02-24
|